000 00961nam a2200121Ia 4500
008 220620s9999||||xx |||||||||||||| ||und||
245 0 _aNorthern Lights on Civic and Citizenship Education
_bA Cross-national Comparison of Nordic Data from ICCS
546 _aEnglish[eng]
650 _aEducation, general||Educational Policy and Politics||Teaching and Teacher Education||Assessment and Testing||Citizenship Education||ICCS 2016||Democratic education||Digital citizenship||School climate||Sustainable democracy||IEA||Civic and Citizenship Education||Analysis of data from ICCS||Young Nordic citizens||Civic and citizenship education in the nordic countries||Future sustainable democracies||Open access||ICCS 2009||Environmental citizenship||Education||Educational strategies & policy||Teacher training
700 _aBiseth, Heidi||Hoskins, Bryony||Huang, Lihong
856 _uhttps://library.oapen.org/bitstream/20.500.12657/47262/1/9783030667887.pdf
942 _cEB
999 _c30533
_d30533